<?xml version="1.0" encoding="UTF-8"?>
<record
    xmlns:xsi="http://www.w3.org/2001/XMLSchema-instance"
    xsi:schemaLocation="http://www.loc.gov/MARC21/slim http://www.loc.gov/standards/marcxml/schema/MARC21slim.xsd"
    xmlns="http://www.loc.gov/MARC21/slim">

  <leader>00434nam a2200145Ia 4500</leader>
  <controlfield tag="008">230411s9999    xx            000 0 und d</controlfield>
  <datafield tag="020" ind1=" " ind2=" ">
    <subfield code="a">81-7225-205-6</subfield>
  </datafield>
  <datafield tag="041" ind1=" " ind2=" ">
    <subfield code="a">eng</subfield>
  </datafield>
  <datafield tag="082" ind1=" " ind2=" ">
    <subfield code="a">DI/616.9792/BAV/REW/B02176</subfield>
  </datafield>
  <datafield tag="100" ind1=" " ind2=" ">
    <subfield code="a">Baveja Usha &amp; Rewari B B</subfield>
    <subfield code="9">177252</subfield>
  </datafield>
  <datafield tag="245" ind1=" " ind2=" ">
    <subfield code="a">Diagnosis and Management of HIV AIDS : Clinicians perspective</subfield>
  </datafield>
  <datafield tag="260" ind1=" " ind2=" ">
    <subfield code="b">B I Publications</subfield>
    <subfield code="a">New Delhi</subfield>
    <subfield code="c">2004</subfield>
  </datafield>
  <datafield tag="300" ind1=" " ind2=" ">
    <subfield code="a">476p</subfield>
  </datafield>
  <datafield tag="999" ind1=" " ind2=" ">
    <subfield code="c">153400</subfield>
    <subfield code="d">153400</subfield>
  </datafield>
  <datafield tag="952" ind1=" " ind2=" ">
    <subfield code="0">0</subfield>
    <subfield code="1">0</subfield>
    <subfield code="4">0</subfield>
    <subfield code="7">0</subfield>
    <subfield code="8">DI</subfield>
    <subfield code="a">BTIN</subfield>
    <subfield code="b">BTIN</subfield>
    <subfield code="d">2005-01-27</subfield>
    <subfield code="e">B.J.Medical Co-oprative College Stores</subfield>
    <subfield code="g">325.00</subfield>
    <subfield code="i">1037</subfield>
    <subfield code="l">0</subfield>
    <subfield code="o">DI 616.9792 BAV REW B02176</subfield>
    <subfield code="p">BTIN-BK-2176</subfield>
    <subfield code="r">2023-04-11 00:00:00</subfield>
    <subfield code="v">244.00</subfield>
    <subfield code="w">2005-01-27</subfield>
    <subfield code="y">BK</subfield>
    <subfield code="z">B02176</subfield>
  </datafield>
</record>
